Enter the countries of South America - Statistics

General Stats
  • This quiz has been taken 20 times
  • The average score is 10 of 12
Answers on the Map
Answers color-coded by a green-red scale on the quiz's map according to % correct below.
 
Answer Stats
Country % Correct
Argentina
100%
Brazil
100%
Bolivia
94%
Chile
94%
Paraguay
94%
Peru
94%
Uruguay
94%
Guyana
88%
Suriname
88%
Venezuela
88%
Ecuador
81%
Kolumbia
13%
No matching quizzes found
Score Distribution
Percent of People with Each Score
Percentile by Number Answered
Your Score History
You have not taken this quiz